000
00305nam a2200109Ia 4500
008
201217s9999 xx 000 0 und d
100
_a
Chandra, satish Ed.
245
0
_a
(The) Indian Ocean Explorations is History,Commerce & Politics
260
_a
New Delhi
_b
SAGE Publications
300
_a
334
942
_c
BK
999
_c
7641
_d
7641